Sejarah lengkap sirah Nabi Muhammad Shallallahu Alaihi Wasallam, jilid 8
| Main Author: | |
|---|---|
| Format: | Book |
| Published: |
Selangor :
Darul Kitab Sdn. Bhd. ,
2005
|
| Subjects: |
MARC
| LEADER | 00000cam a2200000 7i4500 | ||
|---|---|---|---|
| 001 | 0000018320 | ||
| 005 | 20080605.0 | ||
| 008 | 080604 | ||
| 020 | |a 9839494236 | ||
| 090 | 0 | 0 | |a 297.27203 |b MOE |
| 100 | 1 | |a Moenawar Chalil, K.H. | |
| 245 | 1 | 0 | |a Sejarah lengkap sirah Nabi Muhammad Shallallahu Alaihi Wasallam, jilid 8 |c K.H. Moenawar Chalil |
| 260 | |a Selangor : |b Darul Kitab Sdn. Bhd. , |c 2005 | ||
| 650 | 0 | |a Islamic sects | |
| 650 | 0 | |a Muslims | |
| 999 | |a 0001020271 |b Book |c Adult Collection |e Perbadanan Perpustakaan Awam Johor | ||